000
00338 a2200157 4500
001
163116
020
_a
040
_c
Magnum
100
_a
Braz, Julio Emilio
240
1
0
_a
Algum lugar lugar nenhum
_l
por
245
1
0
_a
Algum lugar lugar nenhum
362
0
_a
1899
440
1
_a
Ao Livro Técnico
697
_a
J/FICCAO
942
_c
BK
999
_c
163116
_d
163116